000 00556nam a2200217Ia 4500
005 20260320202119.0
008 008 262003s9999 xx 000 0 eng d
037 _aEBOOK
040 _aCRL
040 _beng
040 _cCRL
041 _2eng
041 _aeng
084 _qCRL
245 0 _aToward Artificial General Intelligence: Deep Learning, Neural Networks, Generative AI
260 _bIEEE
856 _uhttps://ieeexplore.ieee.org/servlet/opac?bknumber=10783724
942 _cEBOOK
999 _c1725460
_d1725460